Les Meilleurs buteurs de la Liga 2016-2017 - Statistiques

Statistiques générales
  • Ce quiz a été pris 63 fois
  • Le résultat moyen est 7 sur 11
Statistiques - réponses
Buts Nationalité Club Joueur % Correct
25 Portugal Real Madrid Cristiano Ronaldo
100%
37 Argentine FC Barcelone Lionel Messi
100%
16 France Atlético de Madrid Antoine Griezmann
98%
29 Uruguay FC Barcelone Luis Suárez
98%
13 Brésil FC Barcelone Neymar
92%
19 Espagne Celta Vigo Iago Aspas
76%
15 Espagne Real Madrid Alvaro Morata
47%
16 Espagne Athletic Bilbao Aritz Aduriz
47%
13 Espagne Espanyol Barcelone Gerard Moreno
25%
13 Espagne Real Betis Rubén Castro
3%
14 Espagne Málaga CF Sandro Ramírez
0%
Aucun quiz correspondant
Distribution des résultats
% des personnes avec chaque résultat
Percentile par nombre de réponses
Votre historique - résultats
Vous n’avez pas pris ce quiz